Statistics for The Black Eyed Peas Charting Songs (Billboard Hot 100)

Click here to take the quiz!

General Stats

  • This quiz has been taken 75 times
    (58 since last reset)
  • The average score is 11 of 19

Answer Stats

AlbumWeeks OnPeakArtist(s)Song% Correct
The E.N.D.56 Weeks#1 (14 Weeks)The Black Eyed PeasI Gotta Feeling
94%
The E.N.D.33 Weeks#1 (12 Weeks)The Black Eyed PeasBoom Boom Pow
87%
Monkey Business36 Weeks#3The Black Eyed PeasMy Humps
81%
Elephunk25 Weeks#8The Black Eyed PeasWhere is the Love?
81%
The E.N.D.24 Weeks#7The Black Eyed PeasMeet Me Halfway
79%
Monkey Business22 Weeks#18The Black Eyed PeasPump It
77%
The E.N.D.27 Weeks#1 (2 Weeks)The Black Eyed PeasImma Be
74%
Monkey Business26 Weeks#3The Black Eyed PeasDon't Phunk With My Heart
60%
Elephunk20 Weeks#21The Black Eyed PeasLet's Get It Started
57%
The Beginning20 Weeks#4The Black Eyed PeasThe Time (Dirty Bit)
57%
The Beginning31 Weeks#3The Black Eyed PeasJust Can't Get Enough
55%
The E.N.D.18 Weeks#9The Black Eyed PeasRock That Body
55%
The Beginning4 Weeks#86The Black Eyed PeasDon't Stop the Party
47%
Bad Boys for Life and Translation27 Weeks#26The Black Eyed Peas x J BalvinRITMO (Bad Boys for Life)
47%
Monkey Business20 Weeks#14The Black Eyed PeasDon't Lie
45%
Translation13 Weeks#67The Black Eyed Peas & ShakiraGirl Like Me
45%
Elephunk20 Weeks#23The Black Eyed PeasHey Mama
43%
Translation11 Weeks#62The Black Eyed Peas, Ozuna + J.Rey SoulMAMACITA
36%
Bridging the Gap8 Weeks#63The Black Eyed Peas ft. Macy GrayRequest Line
21%

Score Distribution

Percentile by Number Answered

Percent of People with Each Score

Your Score History

You have not taken this quiz since the last reset